Evaluación del impacto sobre la red vial de un terremoto en la Península de Nicoya

में बचाया:
ग्रंथसूची विवरण
मुख्य लेखक: Bravo Herrera, Alfonso
अन्य लेखक: Calvo Salazar, Mauricio
स्वरूप: पुस्तक
प्रकाशित: San José, C.R. 1997
विषय:
टैग: टैग जोड़ें
कोई टैग नहीं, इस रिकॉर्ड को टैग करने वाले पहले व्यक्ति बनें!

MARC

LEADER 00000nam a2200000Ia 4500
003 008212
005 20221231144232.0
008 140114s1997 cr a m 000 ||s d
040 |c cru CEDI 
090 |a TFG 3669 
100 |a Bravo Herrera, Alfonso   |9 7348 
245 |a Evaluación del impacto sobre la red vial de un terremoto en la Península de Nicoya 
260 |c 1997  |a  San José, C.R. 
300 |a  xiii, [214] hojas : ilustraciones (algunas a color)  
500 |a  Proyecto de graduación (licenciatura en ingeniería civil)--Uniersidad de Costa Rica. Facultad de Ingeniería. Escuela de Ingeniería Civil 
650 |x INGENIERÍA SÍSMICA   |x RESISTENCIA A LOS TERREMOTOS   |x SISTEMAS DE INFORMACION GEOGRAFICA  |9 9515 
700 |9 9514  |a Calvo Salazar, Mauricio 
942 |c TFG 
999 |c 18848  |d 18848